LDR 01096naa#a2200181#i#450# 001 EN\\bibl\20323 005 20260701140341.3 100 ## _a20260630b2026####ek#y0engy0150####ca 102 ## _aRU 200 1# _aACOUSTIC LOCALIZATION FOR DECENTRALIZED SWARMS OF UNMANNED AERIAL VEHICLES IN THE ABSENCE OF GPS _eConference article/thesis 210 1# _aVoronezh _cFSBE Institution of Higher Education Voronezh State University of Forestry and Technologies named after G.F. Morozov _d2026 215 ## _a7 с. 608 ## _aConference article/thesis _2local 675 ## _aАкустические измерения. 534.6 _aТелемеханика. Телеметрия. Установки для телеиндикации, телеметрии, телеуправления. 621.398 _aИскусственный интеллект в промышленных системах. Интеллектуальные САПР и АСУ. Интеллектуальные роботы. 004.896 _z 700 #1 _aShkhagor _gMd Shkhakhanur Islam 700 #1 _aZarevich _gAnton Ivanovich 700 #1 _aZarevich _gM. A. 856 4# _abibl.vgltu.ru _u